000 004960000a22001930004500
001 002908
003 MACL
005 20150802125431.0
008 150802b xxu||||| |||| 00| 0 eng d
040 _aMACL
_cMACL
041 _aEnglish
082 _a398/GHO
100 _aGhose, Sannjit
_94319
245 _aRadha
_bFolk Heroine Or Divine Playmate
_cSannjit Ghose
260 _aNew Delhi
_c2007
_bAsian Publication Services,
350 _a695
650 _aFolklore
_94270
942 _k398
_cBK
_2ddc
999 _c14815
_d14815